01314nas a2200241Ia 4500001001100000003001000011008004100021040002500062041001300087100001700100210002600117222002600143245010900169250001100278260009100289300001200380310001200392362002800404500024600432501011400678520024600792650003401038R052-S5598IT-CnALBA170116c99999999xx |||||||||||| ||und|| aIT-CnALBAcIT-CnALBA aITALIANO aSTEFANI GINO aSERVIZIO DELLA PAROLA aSERVIZIO DELLA PAROLA 0aSERVIZIO DELLA PAROLA. N. 49. GIUGNO 1973. SUSSIDIO PER LA PREDICAZIONE. b SUSSIDIO PER LA PREDICAZIONE a1a ed. a BRESCIAbQUERINIANA EDIT. LIBR. VESC. c1973 [1° Ed.:1973 - Ed.Ling.Originale: 1973] a108 p.  aMENSILE aFascicolo: 49 / (1973) aPENTECOSTE. TRINITÀ. CORPO E SANGUE DI CRISTO. SS. PIETRO E PAOLO. DOMENICHE 12 16. GUIDA OMELIA. GUIDA MESSA C, P. MESSA PROPOSTE. BALDUCCI E. BISCONTIN G. BORELLO L. BIANCHI E. CUMINETTI M. JOANNES V. LEVI A. RIVA A. RIZZI A. SARTORI R.  aSocietà San Paolo EM - Piazza San Paolo, 14 - 12051 ALBA (CN) (non commercial uses only) ® Copyright 2017 aPENTECOSTE. TRINITÀ. CORPO E SANGUE DI CRISTO. SS. PIETRO E PAOLO. DOMENICHE 12 16. GUIDA OMELIA. GUIDA MESSA C, P. MESSA PROPOSTE. BALDUCCI E. BISCONTIN G. BORELLO L. BIANCHI E. CUMINETTI M. JOANNES V. LEVI A. RIVA A. RIZZI A. SARTORI R.  aPREDICAZIONE - ORATORIA SACRA